Представление документа в формате MARC21

Поле Инд. ПП Название Значение
Тип записи a
Библиографический уровень b
001 Контрольный номер RU/IS/BASE/212503368
005 Дата корректировки 20200601191424.3
008 Кодируемые данные 20060925
040 b Код языка каталог. rus
e Правила каталог. PSBO
041 0_ a Код языка текста rus
084 a Индекс другой классификации/Индекс ББК 60.561.23; 60.561.9; 74.4(2Рос.Удм)
100 1_ a Автор Макарова М. Н.
q Полное имя Макарова Марина Николаевна
245 10 a Заглавие Факторы и механизмы взаимосвязи профессионального образования и рынка труда
b Продолж. заглавия (на примере Удмуртской республики)
504 a Библиография Библиогр. ссылки
650 a Основная рубрика образование
a Основная рубрика профессиональное образование
a Основная рубрика социология
a Основная рубрика социология образования
653 a Ключевые слова высококвалифицированные кадры
a Ключевые слова подготовка кадров
a Ключевые слова рабочие
a Ключевые слова регионы России
a Ключевые слова Россия
a Ключевые слова рынок труда
a Ключевые слова социология труда
a Ключевые слова среднее образование
a Ключевые слова Удмуртия
a Ключевые слова уровень образования
773 0_ t Заглавие источника Вестник Московского университета. Серия 18, Социология и политология
d Дата издания источника 2006
g Прочая информация № 3. - С. 106 - 122 : табл.
w Контрольный № источника RU/IS/BASE/211298150
901 t Тип документа b